Countries Pervez Musharaff has Visited - Statistics

General Stats
  • This quiz has been taken 13 times
  • The average score is 41 of 43
Answer Stats
Continent Country % Correct
Asia Afghanistan
100%
Africa Algeria
100%
South America Argentina
100%
Oceania Australia
100%
Europd Belgium
100%
South America Brazil
100%
Asia China
100%
North America Cuba
100%
Africa Egypt
100%
Europe Finland
100%
Europe France
100%
Europe Germany
100%
Asia Iran
100%
Europe Italy
100%
Asia Jordan
100%
Africa Morocco
100%
Europe Netherlands
100%
Oceania New Zealand
100%
Europe Norway
100%
Europe Poland
100%
Asia Qatar
100%
Asia/ Europe Russia
100%
Asia Saudi Arabia
100%
Asia South Korea
100%
Europe Spain
100%
Europe Sweden
100%
Europe Switzerland
100%
Asia/ Europe Turkey
100%
Asia United Arab Emirates
100%
North America United States of America
100%
Asia India
89%
Asia Indonesia
89%
Asia Kuwait
89%
Asia Kyrgyzstan
89%
Asia Malaysia
89%
North America Mexico
89%
Asia Philippines
89%
Asia Syria
89%
Africa Tunisia
89%
Asia Uzbekistan
89%
Asia Yemen
89%
Europe Bosnia and Herzegovina
78%
Asia Azerbaijan
67%
No matching quizzes found
Score Distribution
Percent of People with Each Score
Percentile by Number Answered
Your Score History
You have not taken this quiz